| 000 | 00994cam a2200313 4500 | ||
|---|---|---|---|
| 001 | 4075991 | ||
| 003 | OSt | ||
| 005 | 20220916110313.0 | ||
| 008 | 701106s1970 enk b 001 0 eng | ||
| 010 | _a 71120193 | ||
| 015 | _aB*** | ||
| 020 | _a0521078563 | ||
| 040 |
_aDLC _cDLC _dDLC |
||
| 050 | 0 | 0 |
_aJC423 _b.P27 |
| 082 | 0 | 0 | _a321.8/01 |
| 100 | 1 |
_aPateman, Carole. _98841 |
|
| 245 | 1 | 0 | _aParticipation and democratic theory. |
| 260 |
_aCambridge [Eng.] _bUniversity Press, _c1970. |
||
| 300 |
_a122 p. _c23 cm. |
||
| 350 |
_a30/- _a($4.95 U.S.) |
||
| 504 | _aBibliography: p. 112-118. | ||
| 650 | 0 |
_aDemocracy. _9473 |
|
| 650 | 0 |
_aPolitical participation. _96440 |
|
| 650 | 0 |
_aManagement _xEmployee participation. _95199 |
|
| 856 | 4 | 2 |
_3Publisher description _uhttp://www.loc.gov/catdir/description/cam032/71120193.html |
| 856 | 4 | 1 |
_3Table of contents _uhttp://www.loc.gov/catdir/toc/cam026/71120193.html |
| 906 |
_a7 _bcbc _corignew _d2 _encip _f19 _gy-gencatlg |
||
| 942 |
_2lcc _cBK |
||
| 999 |
_c41584 _d41584 |
||